| 000 | 01101cam a22002175a 4500 | ||
|---|---|---|---|
| 999 |
_c13127 _d13127 |
||
| 020 | _a9781913484552 | ||
| 082 | 0 | 4 | _aRef. 032.02 G9645 2024 |
| 110 | 2 | _aGuinness World Records Limited. | |
| 245 | 0 | 0 | _aGuinness World Records 2025. |
| 260 |
_aLondon _bGuinness World Records Limited _cc2024 |
||
| 300 |
_a254 pages : _billustrations (chiefly color), color photographs ; _c31 cm |
||
| 337 |
_aunmediated _bn |
||
| 520 |
_aGuinness World Records 2025 marks the 70th anniversary of the publishing phenomena that has sold more than 150 million copies in over 100 countries. The new edition--fully revised and updated with over 1,000 images--continues the annual tradition of delivering thousands of awe-inspiring facts, eye-watering feats and mind-blowing figures in a book that's designed for the whole family to enjoy. -- _cProvided by publisher. |
||
| 526 |
_aREFERENCE _d000 |
||
| 650 | 0 | _aCuriosities and wonders. | |
| 650 | 0 | _aQuestions and answers. | |
| 650 | 0 | _aWorld records. | |
| 650 | 7 | _aREFERENCE / Curiosities & Wonders. | |
| 650 | 7 | _aREFERENCE / Yearbooks & Annuals. | |
| 942 |
_2ddc _cBK |
||